书目信息 |
| 题名: |
曲棍球
|
|
| 作者: | 宁邦新 , 苏丽敏 编著 | |
| 分册: | ||
| 出版信息: | 北京 知识出版社 1998.05 |
|
| 页数: | 133页 | |
| 开本: | 32开 | |
| 丛书名: | ||
| 单 册: | ||
| 中图分类: | G849.1 | |
| 科图分类: | ||
| 主题词: | 球类运动 | |
| 电子资源: | ||
| ISBN: | 7-5015-1659-6 | |
| 000 | 00570nam0 2200205 45 | |
| 001 | 0010231811 | |
| 005 | 20001023183708.5 | |
| 010 | @a7-5015-1659-6@d4.00元 | |
| 100 | @a20001023d1998 km y0chiy0120 ea | |
| 101 | 0 | @achi |
| 105 | @a z 000yy | |
| 200 | 1 | @a曲棍球@AQu Gun Qiu@f宁邦新,苏丽敏编著@FNing Bang Xin,Su Li Min Bian Zhu |
| 210 | @a北京@c知识出版社@d1998.05 | |
| 215 | @a133页@d32开 | |
| 606 | 0 | @a球类运动 |
| 690 | @aG849.1@v3 | |
| 701 | 0 | @a宁邦新@4编著 |
| 701 | 0 | @a苏丽敏@4编著 |
| 801 | @aCN@bPftUser@c20001023 | |
| 905 | @b184644-648@dG849.1@eS881@f5 | |
| 曲棍球/宁邦新,苏丽敏编著.-北京:知识出版社,1998.05 |
| 133页;32开 |
| ISBN 7-5015-1659-6:4.00元 |
| ● |
| 相关链接 |
|
|
|
正题名:曲棍球
索取号:G849.1/S881
 
预约/预借
| 序号 | 登录号 | 条形码 | 馆藏地/架位号 | 状态 | 备注 |
| 1 | 184644 | 201846440 | 社科库409/409社科库 24排2列4层/ [索取号:G849.1/S881] | 在馆 | |
| 2 | 184645 | 201846459 | 社科库409/409社科库 24排2列4层/ [索取号:G849.1/S881] | 在馆 | |
| 3 | 184646 | 201846468 | 社科库409/409社科库 24排2列4层/ [索取号:G849.1/S881] | 在馆 | |
| 4 | 184647 | 201846477 | 社科库409/409社科库 24排2列4层/ [索取号:G849.1/S881] | 在馆 | |
| 5 | 184648 | 201846486 | 社科库409/409社科库 24排2列4层/ [索取号:G849.1/S881] | 在馆 |